Normal view
MARC view
Entry Topical Term
001 - CONTROL NUMBER
- control field: 434994
003 - CONTROL NUMBER IDENTIFIER
- control field:
005 - DATE AND TIME OF LATEST TRANSACTION
- control field: 20210602125121.0
008 - FIXED-LENGTH DATA ELEMENTS
- fixed length control field: 210602|| aca||aabn | a|a d
040 ## - CATALOGING SOURCE
- Original cataloging agency:
- Transcribing agency:
150 ## - HEADING--TOPICAL TERM
- Topical term or geographic name entry element: English language
- Chronological subdivision: Old English, ca. 450-1100
- General subdivision: Rhetoric
670 ## - SOURCE DATA FOUND
- Source citation: Work cat.: (): Isaacs, Neil D.(David), 1931- 434993, Structural principles in Old English poetry /, 1968
